Γυναικεία δραματουργία στα χρόνια της επανάστασης : Μητιώ Σακελλαρίου, Ελισάβετ Μουτζάν-Μαρτινέγκου, Ευανθία Καΐρη : χειραφέτηση και αλληλεγγύη των γυναικών στο ηθικοδιδακτικό και επαναστατικό δράμα

Αποθηκεύτηκε σε:
Λεπτομέρειες βιβλιογραφικής εγγραφής
Κύριος συγγραφέας: Puchner, Walter
Μορφή: Βιβλίο
Γλώσσα:Greek
Δημοσίευση: Αθήνα : Ινστιτούτο του Βιβλίου, Α. Καρδαμίτσας, 2001
Θέματα:
Ετικέτες: Προσθήκη ετικέτας
Δεν υπάρχουν, Καταχωρήστε ετικέτα πρώτοι!

MARC

LEADER 00000cam a2200000 i 4500
001 1/104846
008 090507s2001 gre d
020 |a 960-354-107-9 
035 |l 10104584 
040 |a GR-MY-UA  |b gre  |e aacr 
041 0 |a gre 
082 0 |a 305.42  |2 (22) 
100 1 |a Puchner, Walter. 
245 1 0 |a Γυναικεία δραματουργία στα χρόνια της επανάστασης :  |b Μητιώ Σακελλαρίου, Ελισάβετ Μουτζάν-Μαρτινέγκου, Ευανθία Καΐρη : χειραφέτηση και αλληλεγγύη των γυναικών στο ηθικοδιδακτικό και επαναστατικό δράμα /  |c Βάλτερ Πούχνερ 
260 |a Αθήνα :   |b Ινστιτούτο του Βιβλίου,   |b Α. Καρδαμίτσας,   |c 2001 
300 |a 299 σ.;  |c 21 εκ. 
504 |a Περιέχει βιβλιογραφικές παραπομπές και ευρετήριο 
650 0 0 |a Women dramatists  |x Biography. 
650 0 0 |a Greek drama, Modern  |y 19th century  |x History and criticism. 
650 0 0 |a Women and literature  |z Greece  |x History  |y 19th century. 
650 0 0 |a Women authors, Greek  |y 19th century. 
650 0 0 |a Women  |x Social conditions  |z Greece. 
852 |a INST  |b LESVOS  |e 20090507  |h 305.42 PUC  |p 005100044831  |q 005100044831  |t BK  |y 0 
901 |a BIBL1-2009-2 
909 |a Λ  |b 141317 
970 |a ΓΙΑΛΑΜΑ  |b ΜΑΡΙΑ  |z 2009/05/07